000 01152cam a22002775a 4500
001 L137632
002 16391
008 070420s2006 xxk f 001 0 eng d
020 _a1841408409
035 _a(Sirsi) u137632
041 0 _aeng
050 0 4 _a336.2424 $2 18
100 1 _aWilliams, David E.
245 0 0 _aCGT and the private residence
250 _a4th ed.
260 _aLondon
_bCCH
_c2006
300 _axvi, 237p.
_c24cm.
350 _a67.95
520 _aProvides information aimed at accountants, solicitors, agents, banks and building societies and insurance executives who advise clients on residential property transactions. Applies recent case law and legislation. Deals with second homes, properties outside the UK, and letting to residential tenants. Addresses issues such as CGT relief, divorces and part-selling of gardens while remaining in possession of the house.
650 2 4 _aFINANCE ACT 1965
650 2 4 _aFINANCE ACT 2006
651 4 _aEngland and Wales
_y1543-
690 _aPROPERTY-RESIDENTIAL PROPERTY-ACQUISITION AND DISPOSAL OF RESIDENTIAL PROPERTY
710 1 _aSmith and Williamson
_9579
942 _n0
999 _c106853
_d106853